00535 a2200169 450000500170000001000150001702000310003203500140006303700130007708200180009024500810010826000300018927000690021930000220028870000280031070000270033820211227161542.0 aENG-130703 a978-93-89933-80-2c1095.00 aEN-114235 bDBAD/PUB a305.800954123 aThe Marginalized Self:cEdited by Rahul Ghai, Arvind K. Mishra, Sanjay Kumar aDelhibPrimus Booksc2020 aVirat Bhawan, Mukherjee Nagar, Commercial ComplexbDelhie110009 a159p.c24cm (hbk) aEdited Arvind K. Mishra aEdited by Sanjay Kumar